[Event "Vojvodina-chT 21st"]
[Site "Backa Palanka"]
[Date "2021.10.28"]
[Round "9.1"]
[White "Blagojevic, Dragisa"]
[Black "Simonyi, Zoltan"]
[Result "1-0"]
[WhiteElo "2467"]
[BlackElo "2101"]
[PlyCount "121"]
[EventDate "2021.10.23"]
[EventType "team-tourn"]
[EventRounds "11"]
[EventCountry "SRB"]
[SourceTitle "CBM 204 Extra"]
[Source "ChessBase"]
[SourceDate "2021.11.30"]
[SourceVersion "1"]
[SourceVersionDate "2021.11.30"]
[SourceQuality "1"]
[WhiteTeam "Nova Pazova Mladost"]
[BlackTeam "Senta"]
[WhiteTeamCountry "SRB"]
[BlackTeamCountry "SRB"]

1. d4 Nf6 2. c4 e6 3. Nf3 b6 4. g3 Bb7 5. Bg2 Be7 6. 0-0 0-0 7. Nc3 Ne4 8. Qc2 Nxc3 9. Qxc3 c5 10. b3 Bf6 11. Bb2 cxd4 12. Nxd4 Bxg2 13. Kxg2 Nc6 14. Qd2 Bxd4 15. Bxd4 d5 16. Bb2 dxc4 17. Qc3 Qd5+ 18. f3 e5 19. Rfc1 Rac8 20. Qxc4 Qxc4 21. Rxc4 Na5 22. Rxc8 Rxc8 23. Rd1 f6 24. Rd2 Rc7 25. f4 exf4 26. gxf4 Kf7 27. Kf3 Nb7 28. Ba3 Ke8 29. h4 g6 30. Bb2 Ke7 31. e4 Ke6 32. Kg4 Nc5 33. f5+ Kf7 34. e5 fxe5 35. Bxe5 Rd7 36. Re2 Re7 37. fxg6+ Kxg6 38. h5+ Kf7 39. Rf2+ Kg8 40. Rf5 h6 41. Kf3 Rf7 42. Rxf7 Kxf7 43. Bf4 Kg7 44. Bd2 a6 45. Ke3 Kf6 46. Kd4 Kf5 47. Kd5 Nd3 48. Kc6 Kg4 49. Kxb6 Kxh5 50. Kxa6 Kg6 51. Kb5 h5 52. Kc4 Ne5+ 53. Kd5 Kf5 54. a4 Nf3 55. Bf4 h4 56. Bd6 h3 57. a5 Ng5 58. a6 Ne6 59. a7 Nf4+ 60. Bxf4 Kxf4 61. a8Q 1-0

[Event "Senta op 25th"]
[Site "Senta"]
[Date "2021.07.18"]
[Round "2"]
[White "Simonyi, Zoltan"]
[Black "Phatak, Aanjaneya"]
[Result "0-1"]
[WhiteElo "2141"]
[BlackElo "1769"]
[PlyCount "102"]
[EventDate "2021.07.17"]
[EventType "swiss"]
[EventRounds "9"]
[EventCountry "SRB"]
[SourceTitle "EXT 2022"]
[Source "ChessBase"]
[SourceDate "2021.10.06"]
[SourceVersion "1"]
[SourceVersionDate "2021.10.06"]
[SourceQuality "1"]

1. c4 e6 2. Nf3 d5 3. g3 Nf6 4. Bg2 dxc4 5. Qa4+ Bd7 6. Qxc4 c5 7. Ne5 Qc8 8. b3 Nc6 9. Nxd7 Qxd7 10. Bb2 Rc8 11. d3 Nd4 12. Nd2 b5 13. Qc1 Nd5 14. Qd1 Be7 15. 0-0 Bf6 16. Rb1 h5 17. Ne4 h4 18. e3 hxg3 19. hxg3 Nf5 20. Nxf6+ Nxf6 21. Rc1 Qd6 22. Qf3 Nd7 23. Rfd1 f6 24. d4 c4 25. Qg4 Kf7 26. d5 Nb6 27. dxe6+ Qxe6 28. Be4 Ne7 29. Qxe6+ Kxe6 30. Bd4 Ned5 31. bxc4 bxc4 32. Kf1 Rhd8 33. Ke2 f5 34. Bb1 g6 35. Rh1 Ne7 36. Rh6 Rc6 37. Bc2 Rd5 38. Bc3 Rd8 39. f3 Nbd5 40. Bd4 Nb4 41. Bb1 Kd7 42. a3 Nbd5 43. e4 fxe4 44. Bxe4 Kc7 45. Bxa7 Ra8 46. Bf2 Rxa3 47. Rc2 Nc3+ 48. Ke3 Nxe4+ 49. Kxe4 Re6+ 50. Kf4 g5+ 51. Kxg5 Ra5+ 0-1

[Event "Battle of Senta op 24th"]
[Site "Senta"]
[Date "2020.07.17"]
[Round "8"]
[White "Balla, Tamas Kristof"]
[Black "Simonyi, Zoltan"]
[Result "1-0"]
[WhiteElo "2348"]
[BlackElo "2164"]
[PlyCount "123"]
[EventDate "2020.07.11"]
[EventType "swiss"]
[EventRounds "9"]
[EventCountry "SRB"]
[SourceTitle "CBM 197 Extra"]
[Source "ChessBase"]
[SourceDate "2020.09.30"]
[SourceVersion "1"]
[SourceVersionDate "2020.09.30"]
[SourceQuality "1"]

1. e4 e5 2. Nf3 Nf6 3. d3 Nc6 4. c3 Be7 5. Qc2 d5 6. Be2 0-0 7. 0-0 Bg4 8. h3 Bh5 9. Nbd2 Re8 10. b4 a6 11. a3 Bf8 12. Bb2 Qd7 13. Rad1 Rad8 14. Rfe1 h6 15. Nf1 Qc8 16. g4 Bg6 17. Ng3 dxe4 18. dxe4 Nd5 19. Nh4 Bh7 20. Bf1 Nf4 21. Nhf5 Rxd1 22. Rxd1 Rd8 23. Bc1 Rd7 24. Bxf4 exf4 25. Nh5 Rxd1 26. Qxd1 g6 27. Nf6+ Kh8 28. Nd4 Qd8 29. Nd5 Bg7 30. Nxc6 bxc6 31. Ne3 Qe7 32. Nc2 Bxc3 33. Bxa6 Qxe4 34. Bd3 Qd5 35. Qe2 Kg7 36. Be4 Qe5 37. Qd3 c5 38. b5 Ba5 39. a4 c4 40. Qxc4 Bb6 41. Kg2 Bg8 42. Bd5 g5 43. Nb4 Bh7 44. a5 Bxa5 45. Nc6 Qa1 46. Nxa5 Qxa5 47. Qd4+ f6 48. Qc5 f3+ 49. Kxf3 Qe1 50. Qxc7+ Kh8 51. Qd8+ Kg7 52. Qd7+ Kh8 53. Qc8+ Kg7 54. Qd7+ Kh8 55. Kg2 h5 56. Qc6 Kg7 57. gxh5 Bd3 58. h6+ Kg6 59. Qc5 Qf1+ 60. Kh2 Bxb5 61. Be4+ Kxh6 62. Qf8+ 1-0

[Event "Battle of Senta op 24th"]
[Site "Senta"]
[Date "2020.07.14"]
[Round "5"]
[White "Cuzovic, Ognjen"]
[Black "Simonyi, Zoltan"]
[Result "0-1"]
[WhiteElo "1839"]
[BlackElo "2164"]
[PlyCount "76"]
[EventDate "2020.07.11"]
[EventType "swiss"]
[EventRounds "9"]
[EventCountry "SRB"]
[SourceTitle "CBM 197 Extra"]
[Source "ChessBase"]
[SourceDate "2020.09.30"]
[SourceVersion "1"]
[SourceVersionDate "2020.09.30"]
[SourceQuality "1"]

1. d4 Nf6 2. c4 e6 3. Nc3 c5 4. d5 exd5 5. cxd5 d6 6. Nf3 g6 7. e4 Bg7 8. h3 0-0 9. Bd3 Na6 10. a3 Nc7 11. 0-0 b5 12. Re1 Rb8 13. Bg5 h6 14. Bh4 b4 15. axb4 Rxb4 16. Qc2 a6 17. Nd2 g5 18. Bg3 Nh5 19. Bh2 Nb5 20. Bxb5 axb5 21. Ra3 Re8 22. Rb3 Rxb3 23. Qxb3 b4 24. Ncb1 Ba6 25. Qc2 Nf4 26. Bxf4 gxf4 27. b3 Qa5 28. Nc4 Bxc4 29. Qxc4 Qa2 30. Qb5 Rxe4 31. Rc1 Bd4 32. Rf1 Re2 33. Qd7 Rxf2 34. Qc8+ Kg7 35. Qg4+ Kf8 36. Qc8+ Ke7 37. Qc7+ Kf6 38. Qxd6+ Kg7 0-1

[Event "Battle of Senta op 24th"]
[Site "Senta"]
[Date "2020.07.12"]
[Round "3"]
[White "Molnar, Gabor2222"]
[Black "Simonyi, Zoltan"]
[Result "1-0"]
[WhiteElo "2003"]
[BlackElo "2164"]
[PlyCount "111"]
[EventDate "2020.07.11"]
[EventType "swiss"]
[EventRounds "9"]
[EventCountry "SRB"]
[SourceTitle "CBM 197 Extra"]
[Source "ChessBase"]
[SourceDate "2020.09.30"]
[SourceVersion "1"]
[SourceVersionDate "2020.09.30"]
[SourceQuality "1"]

1. e4 e6 2. d4 c5 3. c3 Nf6 4. e5 Nd5 5. Nf3 cxd4 6. Bc4 Nb6 7. Bb3 Nc6 8. cxd4 d6 9. Qe2 Be7 10. 0-0 0-0 11. Qe4 d5 12. Qg4 f6 13. Nc3 Kh8 14. Re1 Qe8 15. exf6 gxf6 16. Bc2 Qf7 17. Qf4 Bd7 18. b3 Rad8 19. a4 Bc8 20. a5 Nd7 21. Qh6 Ndb8 22. Bb2 Rg8 23. Ne2 Nb4 24. Bb1 Bd6 25. Bc3 N4c6 26. Nf4 Bxf4 27. Qxf4 Na6 28. Re3 Rg7 29. Nh4 Nc7 30. Rf3 Ne8 31. Qh6 Ne7 32. Bd3 Ng8 33. Qf4 Qh5 34. Rg3 Nd6 35. Rxg7 Kxg7 36. Re1 Qh6 37. Qg3+ Kf7 38. Bb4 Ne8 39. Bb5 Bd7 40. Bxd7 Rxd7 41. Rxe6 Rc7 42. Rxe8 Kxe8 43. Qxc7 Qxh4 44. Qc8+ Kf7 45. Qf8+ Ke6 46. Qxg8+ Kf5 47. Qxd5+ Kg6 48. Qg8+ Kf5 49. Qd5+ Kg6 50. g3 Qh6 51. Qe4+ Kf7 52. Qxb7+ Kg6 53. Qe4+ Kf7 54. d5 Qc1+ 55. Kg2 Qh1+ 56. Kxh1 1-0

[Event "Senta op 23rd"]
[Site "Senta"]
[Date "2019.07.25"]
[Round "8"]
[White "Simonyi, Zoltan"]
[Black "Plesec, Damjan"]
[Result "1/2-1/2"]
[WhiteElo "2176"]
[BlackElo "2249"]
[PlyCount "82"]
[EventDate "2019.07.19"]
[EventType "swiss"]
[EventRounds "9"]
[EventCountry "SRB"]
[SourceTitle "EXT 2020"]
[Source "ChessBase"]
[SourceDate "2019.10.17"]
[SourceVersion "1"]
[SourceVersionDate "2019.10.17"]
[SourceQuality "1"]

1. g3 d5 2. c4 c6 3. Bg2 dxc4 4. Qc2 g6 5. Qxc4 Bg7 6. Nf3 Nf6 7. Nc3 0-0 8. 0-0 Nd5 9. Qb3 Nxc3 10. bxc3 Qb6 11. Qc2 Nd7 12. d3 Qc7 13. Bb2 b6 14. d4 Bb7 15. e4 c5 16. Qe2 e6 17. Rfe1 Nf6 18. Ne5 Rac8 19. Rad1 Rfd8 20. Rd2 cxd4 21. cxd4 Nd7 22. Rc1 Qd6 23. Rxc8 Rxc8 24. Nf3 Bh6 25. Rc2 Rxc2 26. Qxc2 Qc6 27. Ne1 Qxc2 28. Nxc2 Bd2 29. Na3 Bb4 30. Nc4 Nf6 31. f3 Ne8 32. Kf2 Nd6 33. Bf1 Nxc4 34. Bxc4 Kf8 35. Ke3 Ke7 36. Kd3 a6 37. Bc1 b5 38. Bb3 Bc6 39. Bg5+ Kd7 40. Bc1 Ke7 41. Be3 Kd7 1/2-1/2

[Event "Vojvodina-chT 2nd League"]
[Site "Novi Sad"]
[Date "2018.11.12"]
[Round "5.3"]
[White "Kosanovic, Dragan"]
[Black "Simonyi, Zoltan"]
[Result "1/2-1/2"]
[WhiteElo "2329"]
[BlackElo "2208"]
[PlyCount "84"]
[EventDate "2018.11.09"]
[EventType "team-tourn"]
[EventRounds "11"]
[EventCountry "SRB"]
[SourceTitle "CBM 187 Extra"]
[Source "ChessBase"]
[SourceDate "2018.11.04"]
[SourceVersion "1"]
[SourceVersionDate "2018.11.04"]
[SourceQuality "1"]
[WhiteTeam "Cosic Opovo Bata"]
[BlackTeam "Senta"]
[WhiteTeamCountry "SRB"]
[BlackTeamCountry "SRB"]

1. d4 Nf6 2. Nf3 e6 3. e3 b6 4. Bd3 Bb7 5. 0-0 Ne4 6. Nfd2 Nxd2 7. Nxd2 Be7 8. e4 d6 9. c3 e5 10. Re1 0-0 11. a4 Nd7 12. a5 Bf6 13. Nf3 Re8 14. a6 Bc8 15. Bb5 Rb8 16. b3 Qe7 17. Ba3 Rd8 18. Qd2 Nf8 19. dxe5 Bxe5 20. Nd4 Bd7 21. Bxd7 Qxd7 22. Qd3 Ne6 23. Bc1 Re8 24. b4 c5 25. Nf3 Qe7 26. Ra2 Rbd8 27. b5 Qf6 28. c4 h6 29. Be3 Qe7 30. Rae2 Qf6 31. Rd1 Kf8 32. Bc1 Re7 33. g3 Ree8 34. Kg2 Kg8 35. Nh4 Bd4 36. Nf5 h5 37. Qf3 Qg6 38. h3 Qh7 39. Qd3 Qg6 40. Qf3 Qh7 41. Bf4 Be5 42. Bc1 Bd4 1/2-1/2

[Event "Vojvodina-chT 2nd League"]
[Site "Novi Sad"]
[Date "2018.11.09"]
[Round "1.4"]
[White "Adamovic, Sasa"]
[Black "Simonyi, Zoltan"]
[Result "1/2-1/2"]
[WhiteElo "1904"]
[BlackElo "2208"]
[PlyCount "86"]
[EventDate "2018.11.09"]
[EventType "team-tourn"]
[EventRounds "11"]
[EventCountry "SRB"]
[SourceTitle "CBM 187 Extra"]
[Source "ChessBase"]
[SourceDate "2018.11.04"]
[SourceVersion "1"]
[SourceVersionDate "2018.11.04"]
[SourceQuality "1"]
[WhiteTeam "Srpska Crnja Buducnost"]
[BlackTeam "Senta"]
[WhiteTeamCountry "SRB"]
[BlackTeamCountry "SRB"]

1. e4 Nf6 2. e5 Nd5 3. d4 d6 4. Nf3 Bg4 5. Be2 e6 6. 0-0 Be7 7. c4 Nb6 8. Nc3 0-0 9. Be3 Nc6 10. exd6 cxd6 11. b3 Re8 12. Qd2 d5 13. c5 Nc8 14. b4 Bf6 15. Rfd1 N8e7 16. h3 Bxf3 17. Bxf3 Nxb4 18. Nb5 Nbc6 19. Nd6 Rf8 20. Nxb7 Qd7 21. Nd6 Rfb8 22. Rab1 h6 23. Bh5 Nd8 24. Rb3 Rxb3 25. axb3 a5 26. Ra1 Nec6 27. Be2 e5 28. Ra4 exd4 29. Bxd4 Nxd4 30. Rxd4 Bxd4 31. Qxd4 Ne6 32. Qxd5 Rc8 33. Bb5 Qd8 34. Be8 Rxc5 35. Bxf7+ Kh8 36. Qxe6 Rc1+ 37. Kh2 Rc6 38. Qe8+ Qxe8 39. Nxe8 Rb6 40. Bc4 Rb7 41. Nd6 Rb4 42. Bf7 a4 43. bxa4 Rxa4 1/2-1/2

[Event "Senta op 22nd"]
[Site "Senta"]
[Date "2018.07.14"]
[Round "1"]
[White "Simonyi, Zoltan"]
[Black "Toth, Kazmer"]
[Result "1-0"]
[WhiteElo "2254"]
[BlackElo "1900"]
[PlyCount "131"]
[EventDate "2018.07.14"]
[EventType "swiss"]
[EventRounds "9"]
[EventCountry "SRB"]
[SourceTitle "CBM 185 Extra"]
[Source "ChessBase"]
[SourceDate "2018.07.29"]
[SourceVersion "1"]
[SourceVersionDate "2018.07.29"]
[SourceQuality "1"]

1. d4 d5 2. c4 c6 3. Nc3 e6 4. Bf4 Bd6 5. Bg3 Nf6 6. e3 a6 7. Nf3 b5 8. c5 Bc7 9. Ne5 Bb7 10. Bd3 Nbd7 11. f4 b4 12. Ne2 Ne4 13. Bxe4 dxe4 14. 0-0 0-0 15. a3 bxa3 16. bxa3 f6 17. Nc4 Qe7 18. Nc3 f5 19. Rb1 Rab8 20. Qa4 g5 21. Na5 Bxa5 22. Qxa5 g4 23. Qc7 Rfc8 24. Qa5 Qd8 25. Qa4 Qc7 26. Bh4 Kf7 27. Rf2 a5 28. Rfb2 Ba6 29. Rxb8 Rxb8 30. Rxb8 Nxb8 31. Qb3 Nd7 32. Kf2 Nf6 33. Bxf6 Kxf6 34. Qb6 Qb7 35. Na4 Ke7 36. Kg3 Ke8 37. Qxb7 Bxb7 38. Kh4 Kf7 39. Nb6 Kg6 40. Nd7 h5 41. Ne5+ Kh6 42. Nc4 a4 43. Nb2 Ba6 44. Nxa4 Bf1 45. g3 Kg6 46. Nb6 Kf6 47. Kxh5 Ke7 48. Kg6 Be2 49. Na4 Bb5 50. Nc3 Bc4 51. Nd1 Be2 52. Nf2 Bf1 53. Kg5 Kf7 54. Kh4 Kg6 55. h3 gxh3 56. Nxh3 Be2 57. Nf2 Kf6 58. g4 Kg6 59. g5 Bd3 60. a4 Be2 61. a5 Kg7 62. Nh1 Kg6 63. Ng3 Bd3 64. Nh5 Be2 65. Nf6 Kf7 66. Nd7 1-0